Recuerdos de la guerra del Kert de 1911-12 / (Record no. 143260)

MARC details
000 -LEADER
campo de control de longitud fija 00499nam a2200157 4500
001 - NÚMERO DE CONTROL
campo de control 143260
003 - IDENTIFICADOR DE NÚMERO DE CONTROL
campo de control ES-MaACL
005 - FECHA Y HORA DE LA ÚLTIMA TRANSACCIÓN
campo de control 20230906200750.0
007 - CAMPO FIJO DE DESCRIPCIÓN FÍSICA--INFORMACIÓN GENERAL
campo de control de longitud fija t|
008 - DATOS DE LONGITUD FIJA--INFORMACIÓN GENERAL
campo de control de longitud fija 070214s1914 sp r ||||1| spa d
100 1# - ENTRADA PRINCIPAL--NOMBRE DE PERSONA
Nombre de persona Serra Orts, Antonio.
9 (RLIN) 105648
245 10 - MENCIÓN DEL TÍTULO
Título Recuerdos de la guerra del Kert de 1911-12 /
Mención de responsabilidad, etc. Antonio Serra Orts.
260 ## - PUBLICACIÓN, DISTRIBUCIÓN, ETC.
Lugar de publicación, distribución, etc. Barcelona :
Nombre del editor, distribuidor, etc. [s. n.],
Fecha de publicación, distribución, etc. 1914 (
Fabricante Imp. Elzeviriana de Borrás, Mestres y Cia.)
300 ## - DESCRIPCIÓN FÍSICA
Extensión 224 p. ;
Dimensiones 22 x 14 cm +
Material acompañante/anejo 6 plan.
852 ## - LOCALIZACIÓN
Ubicación ES-MaACL
Número de control de estantería F-8358
Holdings
Estatus retirado Estado de pérdida Estado de daño No para préstamo Biblioteca de origen Biblioteca actual Ubicación en estantería Fecha de adquisición Fuente de adquisición Total de préstamos Signatura topográfica completa Código de barras Visto por última vez Precio de reemplazo Tipo de ítem Koha
        Biblioteca del Ateneo de Madrid Biblioteca del Ateneo de Madrid Sala Pecera Planta 2 17/01/2008     F-8358 1149054 23/02/2023 23/02/2023 Libro impreso